[Event "BL 0809 SV Mülheim Nord - Hamburger SK"]
[Site "?"]
[Date "2008.12.13"]
[Round "8"]
[White "Saltaev, Mihail"]
[Black "Beikert, Guenther"]
[Result "1-0"]
[WhiteElo "2484"]
[BlackElo "2470"]
[PlyCount "77"]
[EventDate "2008.??.??"]

1. e4 c6 2. d4 d5 3. Nd2 dxe4 4. Nxe4 Bf5 5. Ng3 Bg6 6. h4 h6 7. Nh3 e6 8. Nf4
Bh7 9. Bc4 Bd6 10. Ngh5 Bxf4 11. Bxf4 Bg6 12. c3 Bxh5 13. Qxh5 Nf6 14. Qf3 Nbd7
15. g4 Nd5 16. Bg3 Qf6 17. Qe4 h5 18. f3 Qe7 19. Bb3 a5 20. a4 c5 21. Rd1 Rc8
22. Qe2 hxg4 23. fxg4 N7b6 24. g5 c4 25. Bc2 f6 26. O-O Kd7 27. Rde1 Rcf8 28.
Qg4 fxg5 29. Rxf8 Rxf8 30. hxg5 Qf7 31. Qe2 Qe7 32. Qg4 Qf7 33. Qe2 Qe7 34. Qe5
Nc8 35. Be4 Ncb6 36. Kg2 Re8 37. Bf3 Rf8 38. Bg4 Re8 39. Re2 1-0

[Event "BL 0809 SF Katernberg - SF Berlin"]
[Site "?"]
[Date "2008.12.13"]
[Round "8"]
[White "Laznicka, Viktor"]
[Black "Lauber, Arnd"]
[Result "1-0"]
[WhiteElo "2591"]
[BlackElo "2497"]
[PlyCount "61"]
[EventDate "2008.??.??"]

1. d4 d5 2. Nf3 Nf6 3. c4 e6 4. e3 a6 5. b3 c5 6. Bd3 cxd4 7. exd4 dxc4 8. bxc4
Nc6 9. Bb2 Be7 10. O-O O-O 11. Nc3 b6 12. Qe2 Bb7 13. Rad1 Re8 14. Rfe1 Bb4 15.
Bb1 b5 16. cxb5 axb5 17. Qxb5 Qb8 18. d5 Ra5 19. Qc4 exd5 20. Rxe8+ Qxe8 21.
Qh4 d4 22. Ne4 Nxe4 23. Bxe4 h6 24. Nxd4 Be7 25. Qg3 Rg5 26. Qf3 Nxd4 27. Bxd4
Bc5 28. Bxb7 Bxd4 29. h4 Rb5 30. Bc6 Bxf2+ 31. Kf1 1-0

[Event "BL 0809 SF Katernberg - SF Berlin"]
[Site "?"]
[Date "2008.12.13"]
[Round "8"]
[White "Negi, Parimarjan"]
[Black "Berndt, Stephan"]
[Result "1-0"]
[WhiteElo "2597"]
[BlackElo "2440"]
[PlyCount "109"]
[EventDate "2008.??.??"]

1. e4 c5 2. Nf3 d6 3. d4 cxd4 4. Nxd4 Nf6 5. Nc3 g6 6. Be3 Bg7 7. f3 O-O 8. Qd2
Nc6 9. Bc4 Bd7 10. O-O-O Rc8 11. Bb3 Nxd4 12. Bxd4 b5 13. Nd5 Nxd5 14. Bxg7
Kxg7 15. exd5 a5 16. a3 b4 17. axb4 axb4 18. h4 Qa5 19. Qd4+ f6 20. Kd2 Qc5 21.
Qxc5 dxc5 22. Bc4 Rfd8 23. Ke3 Be8 24. Ra1 Rc7 25. Ra5 Bf7 26. Rd1 Rd6 27. Rd3
g5 28. g3 h6 29. f4 Bg6 30. Rd2 Bf7 31. f5 Bh5 32. Ke4 Bg4 33. Rf2 Rd8 34. Rf1
Bh3 35. Rg1 Bg4 36. b3 Rd6 37. Ra8 Rdd7 38. hxg5 fxg5 39. Rga1 Rd6 40. R1a6 h5
41. Ke5 Rcd7 42. Rc6 Bf3 43. Rxd6 Rxd6 44. Ra7 Kf8 45. Ra8+ Kg7 46. Re8 Kf7 47.
Rc8 Bg4 48. Rxc5 h4 49. gxh4 gxh4 50. Rc7 h3 51. f6 Bd7 52. Rxd7 Rxd7 53. d6+
Ke8 54. fxe7 h2 55. Bd5 1-0

[Event "BL 0809 SF Katernberg - SF Berlin"]
[Site "?"]
[Date "2008.12.13"]
[Round "8"]
[White "Degtiarev, Evgeny"]
[Black "Firman, Nazar"]
[Result "0-1"]
[WhiteElo "2388"]
[BlackElo "2525"]
[PlyCount "84"]
[EventDate "2008.??.??"]

1. d4 f5 2. c4 Nf6 3. g3 g6 4. Bg2 Bg7 5. Nc3 O-O 6. Nh3 Nc6 7. O-O d6 8. d5
Ne5 9. b3 Rb8 10. Bd2 a6 11. a4 Qe8 12. Qc1 Nf7 13. Ra2 c6 14. a5 Bd7 15. Na4
cxd5 16. cxd5 e5 17. Nb6 h6 18. f4 e4 19. Bc3 Bb5 20. Rc2 Qe7 21. Rd1 Rfd8 22.
Bd4 Qf8 23. Bf1 Nd7 24. Nxd7 Bxd7 25. Qb2 b6 26. axb6 Rxb6 27. Qa3 Bxd4+ 28.
Rxd4 Rc8 29. Rdc4 Rxc4 30. bxc4 Qb8 31. Nf2 Rb1 32. Ra2 Bc8 33. Ra1 Rb3 34. Qa4
Kf8 35. Rc1 Qb6 36. Kg2 Ke7 37. Nd1 Bd7 38. Qa2 Qb4 39. Rc2 a5 40. Rb2 Ba4 41.
Qa1 Rxb2 42. Nxb2 Bb3 0-1

[Event "BL 0809 SF Katernberg - SF Berlin"]
[Site "?"]
[Date "2008.12.13"]
[Round "8"]
[White "Seel, Christian"]
[Black "Thiede, Lars"]
[Result "1/2-1/2"]
[WhiteElo "2494"]
[BlackElo "2464"]
[PlyCount "94"]
[EventDate "2008.??.??"]

1. Nf3 Nf6 2. c4 g6 3. g3 Bg7 4. Bg2 O-O 5. O-O d6 6. Nc3 e5 7. d3 Re8 8. Bg5
h6 9. Bxf6 Bxf6 10. Rb1 a5 11. a3 Bg7 12. b4 axb4 13. axb4 c6 14. b5 d5 15.
bxc6 bxc6 16. cxd5 cxd5 17. Nd2 Be6 18. e4 dxe4 19. Ndxe4 Ra5 20. Nb5 Bd5 21.
Qc1 Re7 22. Ned6 Bxg2 23. Kxg2 Rd7 24. Kg1 Ra6 25. Ne4 Rc6 26. Qb2 Na6 27. Qa2
Nc7 28. Nxc7 Rcxc7 29. Qa5 Rxd3 30. Rb5 Rc4 31. Re1 Qxa5 32. Rxa5 Rc8 33. Rea1
f5 34. Nc5 Rd5 35. Ne6 Rxa5 36. Rxa5 Bf6 37. Ra7 g5 38. Nc7 e4 39. Nd5 Bd8 40.
Kg2 Rc5 41. Rd7 Rc8 42. Re7 Ra8 43. Re5 Kf7 44. Ne3 f4 45. gxf4 gxf4 46. Rf5+
Ke6 47. Rxf4 Ra4 1/2-1/2

[Event "BL 0809 SF Katernberg - SF Berlin"]
[Site "?"]
[Date "2008.12.13"]
[Round "8"]
[White "Abel, Dennes"]
[Black "Senff, Martin"]
[Result "1/2-1/2"]
[WhiteElo "2328"]
[BlackElo "2468"]
[PlyCount "53"]
[EventDate "2008.??.??"]

1. e4 e5 2. Nf3 Nf6 3. Nc3 Nc6 4. d4 exd4 5. Nxd4 Bb4 6. Nxc6 bxc6 7. Bd3 d5 8.
exd5 cxd5 9. O-O O-O 10. Bg5 c6 11. Qf3 Bd6 12. Rfe1 Rb8 13. Na4 h6 14. Bf4 Bg4
15. Qe3 Re8 16. Qd2 Bxf4 17. Rxe8+ Qxe8 18. Qxf4 Rb7 19. h3 Be6 20. Re1 Qf8 21.
Qe3 Qb4 22. b3 d4 23. Qe5 Nd7 24. Qe4 Nf6 25. Qe5 Nd7 26. Qe4 Nf6 27. Qe5
1/2-1/2

[Event "BL 0809 SF Katernberg - SF Berlin"]
[Site "?"]
[Date "2008.12.13"]
[Round "8"]
[White "Thesing, Matthias"]
[Black "Rudolf, Henrik"]
[Result "1-0"]
[WhiteElo "2403"]
[BlackElo "2368"]
[PlyCount "61"]
[EventDate "2008.??.??"]

1. e4 c5 2. Nc3 e6 3. f4 Nc6 4. Nf3 a6 5. g3 d6 6. Bg2 Qc7 7. O-O Nf6 8. d3 Be7
9. h3 Bd7 10. Be3 d5 11. Bf2 dxe4 12. dxe4 Rd8 13. Qe2 O-O 14. Rfd1 Bc8 15. e5
Nd5 16. Ne4 b5 17. c4 bxc4 18. Qxc4 Na5 19. Qe2 c4 20. Nd4 Nb4 21. Kh2 Bb7 22.
Bg1 Bd5 23. Rdc1 Qb7 24. f5 exf5 25. Nxf5 Rfe8 26. Qg4 Bf8 27. Nf6+ Kh8 28. Bc5
g6 29. Bxf8 Rxf8 30. Qh4 h5 31. Qg5 1-0

[Event "BL 0809 TV Tegernsee - Werder Bremen"]
[Site "?"]
[Date "2008.12.13"]
[Round "8"]
[White "McShane, Luke"]
[Black "Volokitin, Andrei"]
[Result "1-0"]
[WhiteElo "2596"]
[BlackElo "2659"]
[PlyCount "76"]
[EventDate "2008.??.??"]

1. e4 c5 2. Nf3 e6 3. d3 Nc6 4. g3 g6 5. Bg5 Qb6 6. Nbd2 Qxb2 7. Nc4 Qg7 8. Rb1
d5 9. exd5 exd5 10. Qe2+ Be7 11. Nd6+ Kf8 12. Nxc8 Bxg5 13. Bh3 Qc3+ 14. Kf1
Nd4 15. Nxd4 cxd4 16. Rxb7 Qc6 17. Rxa7 Rxc8 18. Bxc8 Qxc8 19. Kg2 Qb8 20. Rd7
Kg7 21. Qe6 Ne7 22. Rxe7 Bxe7 23. Qxe7 Rc8 24. Re1 Rxc2 25. a3 Rc6 26. Re2 Ra6
27. h4 h5 28. Qc5 Qb6 29. Qxb6 Rxb6 30. Ra2 Rb3 31. a4 Rxd3 32. a5 Rc3 33. a6
d3 34. Kf3 Rc2 35. Ra4 Rc1 36. Ke3 Rd1 37. a7 d4+ 38. Kxd4 d2 1-0

[Event "BL 0809 TV Tegernsee - Werder Bremen"]
[Site "?"]
[Date "2008.12.13"]
[Round "8"]
[White "Khenkin, Igor"]
[Black "Efimenko, Zahar"]
[Result "1/2-1/2"]
[WhiteElo "2647"]
[BlackElo "2680"]
[PlyCount "52"]
[EventDate "2008.??.??"]

1. d4 Nf6 2. c4 g6 3. Nc3 Bg7 4. e4 d6 5. f3 O-O 6. Be3 Nc6 7. Nge2 a6 8. Qd2
Rb8 9. Rc1 Bd7 10. Nd1 a5 11. Ndc3 e5 12. d5 Ne7 13. Nb5 b6 14. g4 Ne8 15. Ng3
c6 16. dxc6 Nxc6 17. h4 Nc7 18. Nxc7 Qxc7 19. h5 Nd4 20. Kf2 f5 21. h6 Bf6 22.
exf5 gxf5 23. Bxd4 exd4 24. g5 f4 25. Ne4 Be5 26. Bd3 Kh8 1/2-1/2

[Event "BL 0809 TV Tegernsee - Werder Bremen"]
[Site "?"]
[Date "2008.12.13"]
[Round "8"]
[White "Areshchenko, Alexander"]
[Black "Sokolov, Andrei"]
[Result "1/2-1/2"]
[WhiteElo "2664"]
[BlackElo "2559"]
[PlyCount "115"]
[EventDate "2008.??.??"]

1. e4 c5 2. Nf3 e6 3. c3 Nf6 4. e5 Nd5 5. d4 cxd4 6. cxd4 d6 7. Bc4 Nb6 8. Bd3
Bd7 9. O-O Bc6 10. Nc3 N8d7 11. Qe2 dxe5 12. dxe5 Nc5 13. Bb5 Be7 14. Rd1 Qc7
15. Be3 O-O 16. Bxc6 Qxc6 17. Rac1 Rfd8 18. Nd4 Qe8 19. Ndb5 Rxd1+ 20. Nxd1 Qf8
21. Qc2 Nbd7 22. b4 Na6 23. a3 Nxe5 24. Bxa7 Qd8 25. Bd4 Nc6 26. Be3 Qd7 27.
Ndc3 Nc7 28. Rd1 Qc8 29. Qb3 Nxb5 30. Nxb5 Ne5 31. Bf4 Qc4 32. Qxc4 Nxc4 33. g3
g5 34. Bc1 Nb6 35. Bb2 Nd5 36. Rc1 g4 37. h3 h5 38. hxg4 hxg4 39. Kg2 Rd8 40.
Rc2 Kh7 41. Rc4 f5 42. Nd4 Rd6 43. Nb5 Rd7 44. Rc8 Bf6 45. Bxf6 Nxf6 46. Rc7
Kg6 47. Rxd7 Nxd7 48. Nd6 b6 49. a4 Kf6 50. Nc4 e5 51. Kf1 Ke6 52. Ke2 Kd5 53.
Ne3+ Ke4 54. a5 bxa5 55. bxa5 Nc5 56. Ke1 Na6 57. Kf1 Nc5 58. Ke2 1/2-1/2

[Event "BL 0809 TV Tegernsee - Werder Bremen"]
[Site "?"]
[Date "2008.12.13"]
[Round "8"]
[White "Bischoff, Klaus"]
[Black "Fressinet, Laurent"]
[Result "0-1"]
[WhiteElo "2545"]
[BlackElo "2676"]
[PlyCount "52"]
[EventDate "2008.??.??"]

1. b3 d5 2. e3 Nf6 3. Bb2 c6 4. c4 Bf5 5. Nf3 e6 6. Be2 Nbd7 7. O-O h6 8. d3
Bh7 9. Nbd2 Bd6 10. a3 O-O 11. b4 Qe7 12. cxd5 cxd5 13. Nb3 e5 14. Na5 Nb6 15.
Rc1 Rfe8 16. Qb3 Bf5 17. d4 e4 18. Ne5 Rab8 19. b5 Nbd7 20. Nxd7 Qxd7 21. Bc3
Rbd8 22. Bb4 Bb8 23. Rc3 Bg4 24. Qa2 Bf3 25. h3 Nh7 26. Rfc1 Ng5 0-1

[Event "BL 0809 TV Tegernsee - Werder Bremen"]
[Site "?"]
[Date "2008.12.13"]
[Round "8"]
[White "Teske, Henrik"]
[Black "Nybäck, Tomi"]
[Result "0-1"]
[WhiteElo "2513"]
[BlackElo "2634"]
[PlyCount "86"]
[EventDate "2008.??.??"]

1. e4 e5 2. Nf3 Nc6 3. d4 exd4 4. Nxd4 Bc5 5. Nxc6 Qf6 6. Qf3 bxc6 7. Nc3 Qxf3
8. gxf3 Ne7 9. Be3 Bb6 10. Bc4 d6 11. O-O-O Be6 12. Bb3 O-O 13. Rhe1 Bxb3 14.
cxb3 Ng6 15. f4 f5 16. e5 dxe5 17. fxe5 Rae8 18. Bd4 Re7 19. b4 Rfe8 20. Kc2
Nxe5 21. Bxe5 Rxe5 22. Rxe5 Rxe5 23. f4 Re3 24. a4 Rh3 25. a5 Rxh2+ 26. Kb3 Be3
27. Rd8+ Kf7 28. Rd7+ Kf8 29. Rxc7 h5 30. Rxc6 Rd2 31. Rc8+ Ke7 32. b5 Rd8 33.
Rc7+ Kf8 34. b6 axb6 35. a6 h4 36. a7 h3 37. Rd7 Re8 38. Nd5 h2 39. Nc7 h1=Q
40. Nxe8 Kxe8 41. Rc7 Qd5+ 42. Kc2 Qd2+ 43. Kb1 Qd3+ 0-1

[Event "BL 0809 TV Tegernsee - Werder Bremen"]
[Site "?"]
[Date "2008.12.13"]
[Round "8"]
[White "Babula, Vlastimil"]
[Black "Kindermann, Stefan"]
[Result "0-1"]
[WhiteElo "2608"]
[BlackElo "2517"]
[PlyCount "54"]
[EventDate "2008.??.??"]

1. d4 d5 2. c4 c6 3. Nf3 Nf6 4. Nc3 a6 5. c5 Bf5 6. Bf4 Nbd7 7. e3 Nh5 8. Bd3
Nxf4 9. exf4 Bg4 10. Qb3 Bxf3 11. Qxb7 Bxg2 12. Rg1 Bf3 13. Rg3 Bh5 14. Qxc6 e6
15. b4 Be7 16. f5 O-O 17. fxe6 Nf6 18. Bxa6 Ne4 19. Bb7 Nxg3 20. Bxa8 Nf5 21.
Nxd5 Nxd4 22. Qd7 Qxa8 23. Nxe7+ Kh8 24. Qxd4 Rd8 25. Nd5 Rxd5 26. Qe3 fxe6 27.
f3 Qb8 0-1

[Event "BL 0809 TV Tegernsee - Werder Bremen"]
[Site "?"]
[Date "2008.12.13"]
[Round "8"]
[White "Hertneck, Gerald"]
[Black "Fish, Gennadij"]
[Result "1/2-1/2"]
[WhiteElo "2519"]
[BlackElo "2531"]
[PlyCount "84"]
[EventDate "2008.??.??"]

1. d4 Nf6 2. c4 e6 3. Nf3 Bb4+ 4. Nbd2 O-O 5. a3 Bxd2+ 6. Qxd2 d6 7. g3 b6 8.
Bg2 Bb7 9. O-O a5 10. b3 Nbd7 11. Bb2 Qe7 12. Rfd1 Ne4 13. Qc2 f5 14. Nd2 Qf7
15. Nf1 Qh5 16. b4 Ndf6 17. d5 e5 18. f3 Ng5 19. h4 Nf7 20. Bc3 axb4 21. axb4
f4 22. Be1 fxg3 23. Bxg3 Nh8 24. Bh3 Ng6 25. Be6+ Kh8 26. Rxa8 Rxa8 27. c5 bxc5
28. bxc5 Nf4 29. cxd6 cxd6 30. Bxf4 exf4 31. Qc7 Ba6 32. Ra1 Qe8 33. Qxd6 Bxe2
34. Rxa8 Qxa8 35. Nd2 h6 36. Qe5 Bd3 37. Qd4 Bb5 38. Kf2 Qd8 39. Qc5 Nxd5 40.
Qxd5 Qxh4+ 41. Kg2 Qg3+ 42. Kh1 Qh4+ 1/2-1/2

[Event "BL 0809 Bayern München - Turm Emsdetten"]
[Site "?"]
[Date "2008.12.13"]
[Round "8"]
[White "Mchedlishvili, Mikheil"]
[Black "Bezold, Michael"]
[Result "1/2-1/2"]
[WhiteElo "2615"]
[BlackElo "2513"]
[PlyCount "77"]
[EventDate "2008.??.??"]

1. d4 d6 2. Nf3 Nf6 3. c4 Nbd7 4. Nc3 e5 5. g3 Be7 6. Bg2 O-O 7. O-O c6 8. e4
a6 9. a4 a5 10. h3 Re8 11. Be3 exd4 12. Nxd4 Bf8 13. Qc2 Nc5 14. Rad1 Qc7 15.
Rfe1 Nfd7 16. f4 Na6 17. Rd2 Ndc5 18. Bf2 Bd7 19. Qd1 Rad8 20. b3 Bc8 21. Kh2
Nb4 22. Qf3 g6 23. Re3 Bg7 24. Nce2 Qe7 25. g4 h6 26. Ng3 Kh7 27. Ree2 Qf6 28.
Kg1 Qe7 29. h4 Qxh4 30. Ngf5 Qf6 31. Nxg7 Qxg7 32. f5 Nd7 33. Qg3 Ne5 34. Nf3
c5 35. Nxe5 Rxe5 36. Qh2 g5 37. Bg3 f6 38. Bxe5 fxe5 39. Qg3 1/2-1/2

[Event "BL 0809 Bayern München - Turm Emsdetten"]
[Site "?"]
[Date "2008.12.13"]
[Round "8"]
[White "Jorczik, Julian"]
[Black "Hector, Jonny"]
[Result "0-1"]
[WhiteElo "2382"]
[BlackElo "2551"]
[PlyCount "66"]
[EventDate "2008.??.??"]

1. d4 d5 2. c4 c6 3. Nf3 Nf6 4. Nc3 dxc4 5. a4 Bf5 6. e3 e6 7. Bxc4 Nbd7 8. O-O
Bd6 9. Qe2 Ne4 10. Nd2 Qh4 11. g3 Nxc3 12. bxc3 Qh3 13. e4 Bg6 14. Re1 O-O 15.
Qd1 e5 16. Qb3 Nf6 17. Qxb7 Rab8 18. Qxa7 Ng4 19. Nf3 exd4 20. Bf1 Qh5 21. cxd4
Rb3 22. Nh4 Nxh2 23. Be2 Ng4 24. e5 Bb4 25. Rf1 Bd3 26. Bxd3 Rxd3 27. Rb1 c5
28. dxc5 Rxg3+ 29. fxg3 Qxe5 30. Kg2 Qe2+ 31. Kh3 Qxf1+ 32. Kxg4 f5+ 33. Kh5
Qe2+ 0-1

[Event "BL 0809 Bayern München - Turm Emsdetten"]
[Site "?"]
[Date "2008.12.13"]
[Round "8"]
[White "Feygin, Michael"]
[Black "Reiss, Tibor"]
[Result "1/2-1/2"]
[WhiteElo "2569"]
[BlackElo "2403"]
[PlyCount "145"]
[EventDate "2008.??.??"]

1. e4 c5 2. Nf3 e6 3. d4 cxd4 4. Nxd4 Nf6 5. Nc3 Nc6 6. Ndb5 Bb4 7. a3 Bxc3+ 8.
Nxc3 d5 9. exd5 exd5 10. Bd3 O-O 11. O-O d4 12. Ne2 Qb6 13. h3 Re8 14. b4 a6
15. Bb2 Ne4 16. Bxe4 Rxe4 17. Qd3 Re8 18. Bxd4 Bf5 19. Bxb6 Bxd3 20. cxd3 Rxe2
21. Rfc1 Re7 22. Rc3 Rd7 23. Rac1 f6 24. Kf1 Re8 25. Be3 Kf7 26. Ke2 Ne7 27.
Rc7 Red8 28. R1c5 Ke6 29. b5 axb5 30. Rxd7 Rxd7 31. Rxb5 Nd5 32. Kd2 Kd6 33.
Rb1 Kc6 34. Rc1+ Kb5 35. Rc4 Ka5 36. Kc2 b5 37. Rc6 b4 38. Rc5+ Ka6 39. a4 b3+
40. Kxb3 Nxe3 41. fxe3 Rxd3+ 42. Rc3 Rd2 43. g3 Rg2 44. g4 Rh2 45. e4 Re2 46.
Rc6+ Ka5 47. Re6 Re3+ 48. Kc4 Rxh3 49. Re7 g5 50. Ra7+ Kb6 51. Rf7 Rf3 52. Kd5
Rf4 53. Rxh7 Ka5 54. Rh6 Kxa4 55. Rg6 Rxg4 56. Rxf6 Rg1 57. e5 g4 58. Rf4+ Ka5
59. Rd4 g3 60. Rd3 g2 61. Rd2 Kb4 62. Ke6 Kc3 63. Ra2 Kd3 64. Kd7 Ke4 65. Ke6
Kf3 66. Kf7 Ke4 67. Ke6 Kf3 68. Ra3+ Kg4 69. Ra2 Kh3 70. Ra3+ Kh2 71. Ra2 Re1
72. Kd6 Kg3 73. Rxg2+ 1/2-1/2

[Event "BL 0809 Bayern München - Turm Emsdetten"]
[Site "?"]
[Date "2008.12.13"]
[Round "8"]
[White "Renner, Christoph"]
[Black "Pruijssers, Roland"]
[Result "1-0"]
[WhiteElo "2422"]
[BlackElo "2458"]
[PlyCount "81"]
[EventDate "2008.??.??"]

1. e4 e5 2. Nf3 Nc6 3. Bc4 Bc5 4. c3 Nf6 5. d3 a6 6. O-O Ba7 7. Re1 d6 8. Bb3
O-O 9. Bg5 h6 10. Bh4 g5 11. Bg3 Re8 12. Nbd2 Ne7 13. d4 Ng6 14. dxe5 dxe5 15.
Nc4 Qxd1 16. Raxd1 Bg4 17. Ncxe5 Nxe5 18. Nxe5 Bxd1 19. Bxf7+ Kg7 20. Bxe8 Rxe8
21. Rxd1 Nxe4 22. Nd3 Rd8 23. Be5+ Kh7 24. Kf1 Bb6 25. f3 Nc5 26. Nf2 Rxd1+ 27.
Nxd1 Nd3 28. Bg3 h5 29. Ke2 Nc5 30. b4 Ne6 31. Kd3 h4 32. Be5 Kg6 33. Ke4 c6
34. Nb2 Bg1 35. Nc4 b6 36. a3 a5 37. Bd6 axb4 38. cxb4 c5 39. b5 Nd4 40. a4 Ne2
41. Be5 1-0

[Event "BL 0809 Bayern München - Turm Emsdetten"]
[Site "?"]
[Date "2008.12.13"]
[Round "8"]
[White "Giri, Anish"]
[Black "Meissner, Bernd"]
[Result "1/2-1/2"]
[WhiteElo "2466"]
[BlackElo "2418"]
[PlyCount "51"]
[EventDate "2008.??.??"]

1. e4 e5 2. Nf3 Nf6 3. Nxe5 d6 4. Nf3 Nxe4 5. d4 Be7 6. Bd3 Nf6 7. h3 O-O 8.
O-O Nbd7 9. Re1 Re8 10. c4 Nf8 11. Nc3 Ne6 12. Bc2 g6 13. d5 Ng7 14. Nd4 Bd7
15. Qf3 h5 16. b3 Nh7 17. Bb2 Bf6 18. Qd3 Be5 19. Nf3 Bf6 20. Nd4 Be5 21. Nf3
Bf6 22. Rxe8+ Qxe8 23. Re1 Qf8 24. Bc1 Nf5 25. Ne4 Bg7 26. Neg5 1/2-1/2

[Event "BL 0809 Bayern München - Turm Emsdetten"]
[Site "?"]
[Date "2008.12.13"]
[Round "8"]
[White "Reich, Thomas"]
[Black "Kabatianski, Alexander"]
[Result "1-0"]
[WhiteElo "2404"]
[BlackElo "2436"]
[PlyCount "109"]
[EventDate "2008.??.??"]

1. d4 Nf6 2. c4 e6 3. Nf3 d5 4. cxd5 exd5 5. Nc3 Bb4 6. Bg5 O-O 7. e3 c5 8.
dxc5 Nbd7 9. Rc1 Qa5 10. a3 Bxc3+ 11. Rxc3 Ne4 12. b4 Nxc3 13. Qa1 Qa4 14. Qxc3
a5 15. b5 Nxc5 16. Qxc5 Be6 17. Qc3 Rfc8 18. Qa1 Qc2 19. Be2 Qc1+ 20. Qxc1
Rxc1+ 21. Bd1 Rac8 22. Nd4 Ra1 23. a4 Rc4 24. O-O Rb1 25. Bd8 Rcc1 26. Be2
Rxf1+ 27. Bxf1 Ra1 28. Bxa5 Rxa4 29. Bc7 Ra2 30. Nxe6 fxe6 31. f4 Kf7 32. Be5
g6 33. Bd4 Rc2 34. h3 Ke7 35. b6 Kd6 36. h4 Rd2 37. Kh2 Kc6 38. Kg3 Kd6 39. Kf3
Kc6 40. Be2 Kd6 41. Bb5 Ra2 42. g4 Rh2 43. Kg3 Rh1 44. Be2 Kd7 45. Kg2 Rc1 46.
h5 Ke7 47. Kg3 Rh1 48. Bf3 Rf1 49. Bg2 Rg1 50. Kf2 Rc1 51. Bf1 Rd1 52. Be2 Rc1
53. Bd3 Kf7 54. Be5 Rc8 55. Ba6 1-0

[Event "BL 0809 Bayern München - Turm Emsdetten"]
[Site "?"]
[Date "2008.12.13"]
[Round "8"]
[White "Richter, Christian"]
[Black "Lentrodt, Thomas"]
[Result "1-0"]
[WhiteElo "2403"]
[BlackElo "2301"]
[PlyCount "69"]
[EventDate "2008.??.??"]

1. d4 Nf6 2. Nf3 e6 3. c4 Bb4+ 4. Bd2 Bxd2+ 5. Qxd2 d5 6. Nc3 O-O 7. Rc1 c6 8.
e3 Nbd7 9. Be2 Qe7 10. O-O dxc4 11. Bxc4 e5 12. Qc2 exd4 13. Nxd4 Ne5 14. Be2
Ng6 15. Rfe1 c5 16. Nf5 Qe5 17. Ng3 b6 18. Bf3 Rb8 19. Qa4 a6 20. Red1 b5 21.
Qa5 Nh4 22. Bc6 c4 23. Rd4 Qc5 24. Nd5 Nxd5 25. Bxd5 Qe7 26. b3 cxb3 27. axb3
Ng6 28. h3 Qe5 29. Rc5 Qe7 30. b4 Kh8 31. Rc7 Qf6 32. Rxf7 Rxf7 33. Bxf7 Qxf7
34. Rd8+ Nf8 35. Qc7 1-0

[Event "BL 0809 Bayern München - Turm Emsdetten"]
[Site "?"]
[Date "2008.12.13"]
[Round "8"]
[White "Schuetz, Guenter"]
[Black "Zumsande, Martin"]
[Result "1/2-1/2"]
[WhiteElo "2257"]
[BlackElo "2411"]
[PlyCount "115"]
[EventDate "2008.??.??"]

1. f4 d5 2. Nf3 Nf6 3. g3 c5 4. Bg2 Nc6 5. O-O Qc7 6. d3 e6 7. Qe1 Be7 8. e4
dxe4 9. dxe4 b5 10. e5 Nd5 11. Qe4 g6 12. Na3 Ba6 13. c4 bxc4 14. Nxc4 Rd8 15.
Bd2 O-O 16. Rfd1 Nb6 17. Nxb6 axb6 18. Bc3 Nb4 19. Ne1 c4 20. a3 Nd3 21. Nxd3
Rxd3 22. Rxd3 cxd3 23. Bf3 Rd8 24. Kg2 Bc4 25. Rd1 b5 26. Qc6 Qa7 27. Qb7 Qxb7
28. Bxb7 Bc5 29. Kf3 h5 30. h4 Kf8 31. Be4 Rd7 32. Bc6 Rc7 33. Be4 Rd7 34. Bb4
Bxb4 35. axb4 Ra7 36. Bxd3 Bxd3 37. Rxd3 Ra4 38. Rb3 Ke7 39. Ke3 Kd7 40. Kd4
Kc6 41. Kc3 Ra1 42. Ra3 Rg1 43. Kd4 Kb6 44. Rc3 Rg2 45. b3 Rd2+ 46. Ke3 Rd1 47.
Ke4 Re1+ 48. Kf3 Rf1+ 49. Ke2 Rb1 50. Rd3 Kc7 51. Kd2 Rg1 52. Kc3 Rg2 53. Kd4
Kc6 54. Rc3+ Kb6 55. Ke4 Rg1 56. Re3 Kc6 57. Kf3 Rf1+ 58. Ke4 1/2-1/2

[Event "BL 0809 SV Wattenscheid - SC Remagen"]
[Site "?"]
[Date "2008.12.13"]
[Round "8"]
[White "Macieja, Bartlomiej"]
[Black "Dgebuadze, Alexandre"]
[Result "1/2-1/2"]
[WhiteElo "2600"]
[BlackElo "2544"]
[PlyCount "83"]
[EventDate "2008.??.??"]

1. e4 e6 2. d4 d5 3. Nc3 Bb4 4. e5 Ne7 5. a3 Bxc3+ 6. bxc3 c5 7. Qg4 O-O 8. Bd3
Nbc6 9. Qh5 Ng6 10. Nf3 Qc7 11. Be3 Nce7 12. h4 Bd7 13. dxc5 b6 14. Qg5 Nf5 15.
Bxf5 exf5 16. h5 h6 17. Qg3 f4 18. Bxf4 Nxf4 19. Qxf4 Qxc5 20. Qd4 Rac8 21. Kd2
Qe7 22. Qb4 Rc5 23. Rae1 Rfc8 24. Re3 Qd8 25. Nd4 a5 26. Qb2 b5 27. g3 Rc4 28.
Rh4 Qb6 29. Rf4 Re8 30. Ne2 Qc5 31. Rd4 Rc8 32. Nf4 Be6 33. Rxc4 dxc4 34. Nxe6
fxe6 35. Qc1 Rf8 36. Ke2 Rf5 37. Qh1 Rxe5 38. Rxe5 Qxe5+ 39. Kd2 Qd6+ 40. Ke2
Qxa3 41. Qc6 Qxc3 42. Qe8+ 1/2-1/2

[Event "BL 0809 SV Wattenscheid - SC Remagen"]
[Site "?"]
[Date "2008.12.13"]
[Round "8"]
[White "Rustemov, Alexander"]
[Black "Mainka, Romuald"]
[Result "1-0"]
[WhiteElo "2520"]
[BlackElo "2482"]
[PlyCount "71"]
[EventDate "2008.??.??"]

1. d4 Nf6 2. Nf3 d5 3. c4 c6 4. e3 Bg4 5. h3 Bxf3 6. Qxf3 e6 7. Bd3 Nbd7 8. Nc3
Bb4 9. Bd2 O-O 10. a3 Ba5 11. b4 Bc7 12. cxd5 exd5 13. b5 Qe7 14. O-O Rfe8 15.
bxc6 bxc6 16. Rfc1 Bd6 17. Na4 Ne4 18. Bb4 Rac8 19. Bxe4 dxe4 20. Bxd6 Qxd6 21.
Qf5 Qe7 22. Qa5 Nf6 23. Rc5 Qb7 24. Rac1 Nd5 25. Nc3 Nb6 26. Qb4 Qa6 27. Ra5
Qb7 28. Ne2 g6 29. Nf4 Qd7 30. Qc5 Re7 31. h4 Ree8 32. Qg5 Qb7 33. h5 Rcd8 34.
Re5 Nd5 35. hxg6 hxg6 36. Nxg6 1-0

[Event "BL 0809 SV Wattenscheid - SC Remagen"]
[Site "?"]
[Date "2008.12.13"]
[Round "8"]
[White "Popovic, Petar"]
[Black "Johannessen, Leif"]
[Result "1-0"]
[WhiteElo "2489"]
[BlackElo "2545"]
[PlyCount "97"]
[EventDate "2008.??.??"]

1. e4 e5 2. Nf3 Nc6 3. Nc3 Nf6 4. Bb5 Nd4 5. Nxd4 exd4 6. e5 dxc3 7. exf6 Qxf6
8. dxc3 Qe5+ 9. Be2 Bc5 10. O-O O-O 11. Bd3 d6 12. Qf3 Qf6 13. Qxf6 gxf6 14.
Re1 Bd7 15. Be3 Rfe8 16. Bxc5 dxc5 17. f3 Kg7 18. Kf2 Be6 19. Re4 Rad8 20. Rae1
Rd6 21. b3 Red8 22. Rh4 h6 23. Re3 Rd5 24. f4 Bf5 25. c4 Bxd3 26. cxd5 Bxc2 27.
Rg3+ Kh7 28. Rc3 Be4 29. Rxc5 Rd7 30. d6 Rxd6 31. Rxc7 f5 32. Rxf7+ Kg6 33. Re7
h5 34. Rh3 Rd2+ 35. Ke3 Rxa2 36. Rg3+ Kf6 37. Rh7 Ke6 38. Rg6+ Kd5 39. Rxb7 Kc5
40. Rb8 h4 41. Rh6 Rxg2 42. Rxh4 Ra2 43. Rh7 a5 44. Ra7 Rxh2 45. Rxa5+ Kc6 46.
Kd4 Rf2 47. Rc5+ Kd7 48. Ke5 Re2 49. b4 1-0

[Event "BL 0809 SV Wattenscheid - SC Remagen"]
[Site "?"]
[Date "2008.12.13"]
[Round "8"]
[White "Appel, Ralf"]
[Black "Swinkels, Robin"]
[Result "1/2-1/2"]
[WhiteElo "2541"]
[BlackElo "2451"]
[PlyCount "55"]
[EventDate "2008.??.??"]

1. d4 Nf6 2. Nf3 e6 3. Bf4 c5 4. e3 b6 5. Nbd2 cxd4 6. exd4 Bb7 7. h3 Be7 8.
Bd3 d6 9. O-O O-O 10. Re1 Nbd7 11. a4 a6 12. c3 Re8 13. Bg3 Nf8 14. Qb3 Ng6 15.
Rac1 Nh5 16. Bh2 Bg5 17. Nxg5 Qxg5 18. Be4 Bd5 19. Bxd5 exd5 20. Nf3 Qf5 21.
Qxb6 Nhf4 22. Bxf4 Nxf4 23. Rxe8+ Rxe8 24. Re1 Rxe1+ 25. Nxe1 Ne2+ 26. Kf1 Ng3+
27. Kg1 Ne2+ 28. Kf1 1/2-1/2

[Event "BL 0809 SV Wattenscheid - SC Remagen"]
[Site "?"]
[Date "2008.12.13"]
[Round "8"]
[White "Boidman, Yuri"]
[Black "Holzke, Frank"]
[Result "1/2-1/2"]
[WhiteElo "2415"]
[BlackElo "2524"]
[PlyCount "31"]
[EventDate "2008.??.??"]

1. e4 e5 2. Nf3 Nc6 3. Bb5 a6 4. Ba4 Nf6 5. O-O Nxe4 6. Re1 Nc5 7. Nc3 Be7 8.
Nd5 O-O 9. Bxc6 dxc6 10. Nxe7+ Qxe7 11. d4 Ne6 12. dxe5 c5 13. Qd5 Rd8 14. Qe4
Nd4 15. Nxd4 cxd4 16. Bf4 1/2-1/2